Lízing sa už účtuje po novom

Od r. 2004 sa zmenilo účtovanie finančného lízingu. Snaha Slovenska priblížiť sa zásadám Medzinárodných účtovných štandardov. Základné zmeny v účtovaní. Individuálna voľba. Nové lízingové účtovníctvo sa bude vzťahovať až na zmluvy uzavreté v roku 2004.

Saved in:
Bibliographic Details
Main Author: Apolen, Peter
Format: Book Chapter
Language:Slovak
Subjects:
Tags: Add Tag
No Tags, Be the first to tag this record!

MARC

LEADER 00000naa$a2200000$$$4500
001 0004182
005 20231009074643.4
041 0 |a slo 
044 |a SK 
245 1 0 |a Lízing sa už účtuje po novom  |c aut. Peter Apolen 
520 |a Od r. 2004 sa zmenilo účtovanie finančného lízingu. Snaha Slovenska priblížiť sa zásadám Medzinárodných účtovných štandardov. Základné zmeny v účtovaní. Individuálna voľba. Nové lízingové účtovníctvo sa bude vzťahovať až na zmluvy uzavreté v roku 2004. 
610 2 0 |a lízing finančný 
610 2 0 |a účtovanie 
610 2 0 |a majetok 
610 2 0 |a štandardy 
610 2 0 |a 2004 
100 1 |a Apolen, Peter